| 000 | 00636nam a2200205 i 4500 | ||
|---|---|---|---|
| 001 | 101170 | ||
| 003 | ES-MaACL | ||
| 005 | 20250716063252.0 | ||
| 007 | t| | ||
| 008 | 051014s1960 sp ||||1| spa d | ||
| 100 | 1 |
_aMauriac, François, _d1885-1970 _979251 |
|
| 245 | 1 | 0 |
_aThérèse Desqueyroux / _cpor François Mauriac; [versión castellana de Luis G. de Vegueta]. |
| 260 |
_aBarcelona : _bG.P., _c1960. |
||
| 300 |
_a128 p. ; _c17 cm. |
||
| 490 | 1 | _aLibros Plaza | |
| 700 | 1 |
_aGarcía de Vegueta, Luis. _954499 |
|
| 830 | 0 |
_aLibros Plaza _9181449 |
|
| 852 |
_aES-MaACL _jC-18765 _bR.45980 |
||
| 999 |
_c101170 _d101170 |
||